Martin Eden /

Gorde:
Xehetasun bibliografikoak
Erakunde egilea: Wydawnictwo Iskry
Beste egile batzuk: Glinka, Zygmunt (1900-1964)
Formatua: Baliabide elektronikoa
Hizkuntza:poloniera
ingelesa
Argitaratua: Warszawa : "Iskry", 1969
Edizioa:[Wyd. 8].
Saila:Lektura Szkolna - Iskry
Etiketak: Etiketa erantsi
Etiketarik gabe, Izan zaitez lehena erregistro honi etiketa jartzen!

MARC

LEADER 00000am|aa2200000i||4500
001 991000047709705066
005 20260515140227.0
008 260426t pl ||||| |||| 00| u pol d
035 |a 991000047709705066 
035 |a (PL-WaBN)b10047955-48omnis_nlop 
035 |a b10047955 
035 |a (OCoLC)750704175 
035 |a (PL)b0000001004795 
035 |a (EXLNZ-48OMNIS_NETWORK)9910167808905606 
040 |a WA N  |c WA N  |d WA U 
041 1 |a pol  |h eng 
080 |a 820(73)-3 
090 |c 85  |d 84 
240 1 0 |a Martin Eden  |l (pol.) 
245 1 0 |a Martin Eden / 
246 1 |i Tyt. oryg.:  |a Martin Eden 
250 |a [Wyd. 8]. 
260 |a Warszawa :  |b "Iskry",  |c 1969  |e (Szczecin :  |f SZG). 
300 |a 446, [2] s. ;  |c 20 cm. 
490 1 |a Lektura Szkolna / "Iskry" 
700 1 |a Glinka, Zygmunt  |d (1900-1964) 
710 2 |a Wydawnictwo Iskry 
830 0 |a Lektura Szkolna - Iskry 
942 |c K 
952 |0 0  |1 0  |4 0  |6 R__66_000000000000000  |7 0  |9 82  |a RYT  |b RYT  |d 2026-04-26  |e 1/2026  |g 10.00  |l 0  |o R.66  |p 2000000000664  |r 2026-05-15 14:02:27  |w 2026-05-15  |y BK  |z da 
999 |c 82  |d 82